[Event "73rd Tata Steel GMC"]
[Site "Wijk aan Zee NED"]
[Date "2011.01.18"]
[Round "4"]
[White "Bluvshtein, Mark"]
[Black "Van Kampen, Robin"]
[Result "1-0"]
[WhiteTitle "GM"]
[BlackTitle "IM"]
[WhiteElo "2590"]
[BlackElo "2443"]
[WhiteFideId "2603608"]
[BlackFideId "1020854"]
[EventDate "2011.01.14"]

1. d4 d5 2. c4 c6 3. Nc3 Nf6 4. e3 g6 5. Nf3 Bg7 6. Be2 O-O 7. O-O a6 8. a4 a5
9. Qb3 e6 10. Ne5 Na6 11. Bd2 Ne4 12. Be1 Nec5 13. Qd1 Bxe5 14. dxe5 b6 15. f4
Nb4 16. Bg3 Ba6 17. cxd5 Nxd5 18. Bxa6 Rxa6 19. Nxd5 cxd5 20. Qg4 f5 21. exf6
Qxf6 22. Qe2 Ra7 23. Qb5 Qd8 24. Rac1 Qd7 25. Qxb6 Nxa4 26. Qd4 Rb7 27. Be1 e5
28. fxe5 Rxf1+ 29. Kxf1 Rxb2 30. e6 Qxe6 31. Rc7 Qf5+ 32. Kg1 Qf8 33. Qxd5+ Kh8
34. Qe5+ Kg8 35. Qe6+ Kh8 36. Rc8 1-0

[Event "73rd Tata Steel GMC"]
[Site "Wijk aan Zee NED"]
[Date "2011.01.18"]
[Round "4"]
[White "Tania, Sachdev"]
[Black "Nyzhnyk, Illya"]
[Result "0-1"]
[WhiteTitle "IM"]
[BlackTitle "IM"]
[WhiteElo "2391"]
[BlackElo "2530"]
[WhiteFideId "5007844"]
[BlackFideId "14118084"]
[EventDate "2011.01.14"]

1. d4 Nf6 2. c4 g6 3. Nc3 Bg7 4. e4 d6 5. f3 a6 6. Bg5 c6 7. Qd2 b5 8. O-O-O O-O
9. h4 b4 10. Nb1 Qa5 11. h5 Qxa2 12. h6 Bh8 13. Qxb4 c5 14. dxc5 Nc6 15. Qa3
Qxa3 16. Nxa3 dxc5 17. Ne2 Rb8 18. Nc3 Be6 19. Bd3 Nd7 20. Rd2 Rb3 21. Nab1 Rfb8
22. Na4 R3b4 23. Nbc3 Bd4 0-1

[Event "73rd Tata Steel GMC"]
[Site "Wijk aan Zee NED"]
[Date "2011.01.18"]
[Round "4"]
[White "Siebrecht, Sebastian"]
[Black "Ivanisevic, Ivan"]
[Result "1/2-1/2"]
[WhiteTitle "GM"]
[BlackTitle "GM"]
[WhiteElo "2439"]
[BlackElo "2630"]
[WhiteFideId "4609352"]
[BlackFideId "912417"]
[EventDate "2011.01.14"]

1. c4 e5 2. g3 Nc6 3. Nc3 Bc5 4. Bg2 d6 5. e3 a6 6. b3 Nge7 7. Nge2 Ba7 8. Bb2
Bf5 9. d4 Qd7 10. h3 exd4 11. Nxd4 Nxd4 12. exd4 O-O 13. Bxb7 Rae8 14. Bg2 Bxd4
15. Kf1 Ba7 16. Qd2 Ng6 17. Nd5 Ne5 18. Nf4 g5 19. Ne2 Qe7 20. Nd4 Qf6 21. Nc6
Bb6 22. Bd5 Be6 23. Bg2 h6 24. Bd4 Bxd4 25. Qxd4 Bd7 26. Nb4 c5 27. Nd5 Qg6 28.
Qd2 Bc6 29. Rd1 Re6 30. h4 Rfe8 31. Qc3 Nd3 32. hxg5 Qf5 33. Qd2 Bxd5 34. Bxd5
Re1+ 35. Rxe1 Rxe1+ 36. Kg2 Rxh1 37. Kxh1 Nxf2+ 38. Kg2 Ng4 39. gxh6 Kh7 40. Bf3
Ne5 41. Qe3 Qc2+ 42. Kh3 Qf5+ 43. Kg2 Qc2+ 44. Kh3 Qf5+ 45. Kg2 1/2-1/2

[Event "73rd Tata Steel GMC"]
[Site "Wijk aan Zee NED"]
[Date "2011.01.18"]
[Round "4"]
[White "De Jong, Jan-Willem"]
[Black "Vocaturo, Daniele"]
[Result "0-1"]
[WhiteTitle "IM"]
[BlackTitle "GM"]
[WhiteElo "2437"]
[BlackElo "2570"]
[WhiteFideId "1008641"]
[BlackFideId "813192"]
[EventDate "2011.01.14"]

1. Nf3 Nf6 2. g3 c5 3. Bg2 b6 4. Ne5 d5 5. c4 e6 6. Nc3 Be7 7. Qa4+ Kf8 8. cxd5
exd5 9. d4 Bb7 10. dxc5 Bxc5 11. O-O Qe7 12. Nf3 Nbd7 13. Bf4 Ne4 14. Rad1 Nxc3
15. bxc3 Nf6 16. Nd4 Ne4 17. Qb3 Re8 18. Be3 h5 19. Nf5 Qc7 20. c4 Bxe3 21. Qxe3
Qxc4 22. Rc1 Qb4 23. Bxe4 dxe4 24. Rc7 Bd5 25. Qg5 Qb2 26. Nxg7 Qe5 27. Nf5 Be6
28. Rfc1 Qxf5 29. Qe3 Kg7 30. Rxa7 Rc8 0-1

[Event "73rd Tata Steel GMC"]
[Site "Wijk aan Zee NED"]
[Date "2011.01.18"]
[Round "4"]
[White "Pruijssers, Roeland"]
[Black "Swiercz, Dariusz"]
[Result "0-1"]
[WhiteTitle "IM"]
[BlackTitle "GM"]
[WhiteElo "2484"]
[BlackElo "2540"]
[WhiteFideId "1013068"]
[BlackFideId "1126881"]
[EventDate "2011.01.14"]

1. e4 c6 2. d4 d5 3. Nc3 dxe4 4. Nxe4 Bf5 5. Ng3 Bg6 6. h4 h6 7. Nf3 e6 8. Ne5
Bh7 9. Bd3 Bxd3 10. Qxd3 Nd7 11. f4 Ngf6 12. Be3 Bd6 13. O-O-O O-O 14. Ne2 h5
15. Rhg1 Qa5 16. Nxd7 Nxd7 17. g4 hxg4 18. Rxg4 f5 19. Rg6 Rf6 20. Rxf6 Nxf6 21.
Qb3 Re8 22. c4 b5 23. cxb5 Qxb5 24. Nc3 Qxb3 25. axb3 Ng4 26. Bd2 Nf2 27. Rf1
Nd3+ 28. Kb1 Nb4 29. Ne2 Nd5 30. Kc2 Kf7 31. Ra1 Bb8 32. Ng1 Nxf4 33. Bxf4 Bxf4
34. Rxa7+ Kg6 35. Nf3 Rc8 36. Kd3 c5 37. Ra6 Kf7 38. b4 cxb4 39. Rb6 Rd8 40.
Ng5+ Bxg5 41. hxg5 Kg6 42. Rxe6+ Kxg5 43. Re1 Kf6 44. Kc4 g5 45. d5 g4 46. Kd4
Kg5 47. Re7 Kf4 48. Re6 Rg8 49. Re1 g3 50. d6 g2 51. Rg1 Kg3 52. Ke5 Rd8 53. Rd1
f4 54. d7 f3 55. Ke4 f2 0-1

[Event "73rd Tata Steel GMC"]
[Site "Wijk aan Zee NED"]
[Date "2011.01.18"]
[Round "4"]
[White "Bok, Benjamin"]
[Black "Kazhgaleyev, Murtas"]
[Result "1-0"]
[WhiteTitle "IM"]
[BlackTitle "GM"]
[WhiteElo "2453"]
[BlackElo "2637"]
[WhiteFideId "1017063"]
[BlackFideId "13700316"]
[EventDate "2011.01.14"]

1. e4 e5 2. Nf3 Nc6 3. Bb5 Nf6 4. O-O Be7 5. Re1 d6 6. c3 O-O 7. h3 Bd7 8. d4
Re8 9. d5 Nb8 10. Bxd7 Nbxd7 11. c4 g6 12. Nc3 Nh5 13. Be3 Ng7 14. b4 f5 15. Rc1
f4 16. Bd2 g5 17. g4 Kf7 18. Qb3 h5 19. c5 hxg4 20. hxg4 Nf6 21. Nxg5+ Kg6 22.
Nf3 Nxg4 23. Kf1 Bh4 24. Nd1 Nh5 25. Kg2 Rh8 26. cxd6 cxd6 27. Rh1 Bg5 28. Rg1
Qd7 29. Kf1 Nhf6 30. Nxg5 Kxg5 31. f3 Rh2 32. Be1 Kh6 33. fxg4 Nxg4 34. Rc7 Qxc7
35. Rxg4 Qf7 36. Nf2 Qh5 37. Rg1 Kh7 38. Ng4 Qh3+ 39. Qxh3+ Rxh3 40. Nf6+ Kh8
41. Rg6 Rc8 42. Bf2 Ra3 43. Ng4 Rxa2 44. Rxd6 f3 45. Kg1 Re2 46. Kh2 Rxe4 47.
Nxe5 Rxb4 48. Kg3 a5 49. Rh6+ Kg7 50. Rg6+ Kh7 51. d6 Rd8 52. Re6 Rg8+ 53. Kh3
Rb1 54. Re7+ Kh6 55. Be3+ Rg5 56. Nf7+ Kg6 57. Nxg5 Rd1 58. d7 a4 59. Nxf3 Kf6
60. Bg5+ Kg6 61. Re6+ Kf5 62. Re5+ 1-0